| Tag |
First Indicator |
Second Indicator |
Subfields |
| LEADER |
00000pam a2200000 a 4500 |
| 001 |
in00000070284 |
| 005 |
20151008061657.0 |
| 008 |
810814s1982 njua b 00110 eng |
| 010 |
|
|
|a 81013898
|
| 020 |
|
|
|a 0133838021
|
| 035 |
|
|
|a (OCoLC)07734222
|
| 035 |
|
|
|9 AAJ8580AM
|
| 039 |
0 |
|
|a 2
|b 3
|c 3
|d 3
|e 3
|
| 040 |
|
|
|a DLC
|c DLC
|d TXA
|d UtOrBLW
|
| 049 |
|
|
|a TXAM
|c [1561419]
|
| 050 |
0 |
0 |
|a HV2437
|b .R67
|
| 082 |
0 |
|
|a 371.91/2
|2 19
|
| 100 |
1 |
|
|a Ross, Mark.
|
| 245 |
1 |
0 |
|a Hard of hearing children in regular schools /
|c Mark Ross with Diane Brackett and Antonia Maxon.
|
| 264 |
|
1 |
|a Englewood Cliffs, N.J. :
|b Prentice-Hall,
|c [1982]
|
| 264 |
|
4 |
|c ©1982
|
| 300 |
|
|
|a xiii, 258 pages :
|b illustrations ;
|c 24 cm.
|
| 336 |
|
|
|a text
|b txt
|2 rdacontent
|
| 337 |
|
|
|a unmediated
|b n
|2 rdamedia
|
| 338 |
|
|
|a volume
|b nc
|2 rdacarrier
|
| 490 |
1 |
|
|a Remediation of communication disorders series
|
| 500 |
|
|
|a Includes index.
|
| 504 |
|
|
|a Bibliography: pages 242-250.
|
| 650 |
|
0 |
|a Hearing impaired children
|x Education.
|
| 650 |
|
0 |
|a Mainstreaming in education.
|
| 650 |
|
0 |
|a Remedial teaching.
|
| 700 |
1 |
|
|a Maxon, Antonia.
|
| 700 |
1 |
|
|a Brackett, Diane.
|
| 830 |
|
0 |
|a Remediation of communication disorders.
|
| 999 |
|
|
|a MARS
|
| 999 |
f |
f |
|s fdd81615-fe51-32ac-a590-82318c4fc41a
|i 03528a96-e378-306b-8001-1945bb9835f4
|t 0
|
| 952 |
f |
f |
|p ric
|a Texas A&M University
|b Rellis Campus
|c Joint Library Facility
|d Remote Storage
|t 0
|e HV2437 .R67
|h Library of Congress classification
|i unmediated -- volume
|m A14806146186
|
| 998 |
f |
f |
|a HV2437 .R67
|t 0
|l Remote Storage
|